000 00399nam a2200181Ia 4500
001 1185
005 20260306140613.0
008 260306t1999||||xx |||||||||||||| ||spa||
041 _aESP
082 _a188
_bS385
100 _aSéneca
_eAUT
245 0 _aSobre la felicidad
260 _c1999
300 _a116 páginas :
_c17 cm.
650 _aGEN
654 _aCHU
942 _cLIB
_dJUS
_fJUS
_2ddc
_n
999 _c1185
_d1185